000 00404nam a2200157Ia 4500
008 160316s1999 xxu||||| |||| 00| 0 eng d
082 _a344.046000
_bLEE
100 _aLeelakrishnan P
245 _aEnvironmental law in India
250 _a
260 _aNew Delhi
_bButterworths India
_c1999
300 _a194p
_b
_cxvii
365 _bRs.275
650 _a1. Environmental Law - India
700 _a
_a
999 _c13814
_d13814